[Event "West Wales Open 2023"]
[Site "?"]
[Date "2023.11.11"]
[Round "3"]
[White "Gibbons, Andrew"]
[Black "Turner, Joseph David"]
[Result "1/2-1/2"]
[WhiteElo "1921"]
[BlackElo "1844"]
[PlyCount "57"]
[EventDate "2023.??.??"]
[SourceVersionDate "2024.01.31"]

1. d4 Nf6 2. c4 g6 3. Nc3 Bg7 4. e4 d6 5. h3 O-O 6. Be3 Na6 7. g4 c5 8. d5 e6 9. Nge2 Re8 10. Bg2 exd5 11. cxd5 Nc7 12. a4 Rb8 13. O-O a6 14. Rb1 b5 15. axb5 axb5 16. b4 cxb4 17. Rxb4 Na6 18. Rxb5 Rxb5 19. Nxb5 Nxe4 20. Bxe4 Rxe4 21. Qc2 Re8 22. Qc6 Be5 23. Ned4 Nb8 24. Qa8 Qh4 25. Nf3 Qxh3 26. Nxe5 dxe5 27. Qxb8 Qxg4+ 28. Kh2 Qh4+ 29. Kg1 1/2-1/2

[Event "West Wales Open 2023"]
[Site "?"]
[Date "2023.11.11"]
[Round "3"]
[White "Binks, Michael"]
[Black "Williams, Duncan"]
[Result "0-1"]
[WhiteElo "2081"]
[BlackElo "1831"]
[PlyCount "46"]
[EventDate "2023.??.??"]
[SourceVersionDate "2024.01.31"]

1. d4 d5 2. c4 c6 3. Nf3 Nf6 4. cxd5 cxd5 5. Nc3 Nc6 6. Bf4 a6 7. e3 Bg4 8. Be2 e6 9. O-O Be7 10. Rc1 O-O 11. h3 Bh5 12. Ne5 Bxe2 13. Qxe2 Nxe5 14. Bxe5 Nd7 15. Bg3 Qa5 16. a3 Rac8 17. Rc2 Rc4 18. e4 Bf6 19. exd5 exd5 20. Nxd5 Rxd4 21. Nxf6+ Nxf6 22. Be5 Re4 23. Qxe4 Nxe4 0-1

[Event "West Wales Open 2023"]
[Site "?"]
[Date "2023.11.11"]
[Round "3"]
[White "Young, Alan"]
[Black "Dixon, Chris"]
[Result "1/2-1/2"]
[WhiteElo "2041"]
[BlackElo "1647"]
[PlyCount "42"]
[EventDate "2023.??.??"]
[SourceVersionDate "2024.01.31"]

1. e4 d5 2. exd5 Qxd5 3. Nc3 Qd8 4. d4 Nf6 5. Nf3 Bg4 6. h3 Bxf3 7. Qxf3 c6 8. Be3 e6 9. Bd3 Nbd7 10. g4 Bb4 11. O-O h6 12. Rfe1 Qc7 13. a3 Bd6 14. b4 a6 15. Ne2 O-O-O 16. c4 g5 17. Ng3 Rdg8 18. Kf1 Bxg3 19. fxg3 h5 20. Kg2 Qd6 21. Rad1 Kb8 1/2-1/2

[Event "West Wales Open 2023"]
[Site "?"]
[Date "2023.11.11"]
[Round "3"]
[White "Garcia, Jason"]
[Black "Westcott, Dale"]
[Result "1/2-1/2"]
[WhiteElo "1972"]
[BlackElo "1595"]
[PlyCount "84"]
[EventDate "2023.??.??"]
[SourceVersionDate "2024.01.31"]

1. Nf3 d5 2. g3 g6 3. Bg2 Bg7 4. d4 Nf6 5. c4 c6 6. b3 O-O 7. O-O Bf5 8. Bb2 dxc4 9. bxc4 Qb6 10. Qb3 Nbd7 11. Nfd2 Qxb3 12. axb3 Nb6 13. e4 Be6 14. Nc3 Rfd8 15. d5 cxd5 16. exd5 Bf5 17. Nf3 Bc2 18. Nd4 Bd3 19. Rfd1 e5 20. Rxd3 exd4 21. Ne2 Re8 22. Nxd4 Nfd7 23. Ba3 Ne5 24. Rdd1 a6 25. Rac1 Rad8 26. Nf3 Ng4 27. Re1 Nf6 28. Rxe8+ Rxe8 29. Re1 Bf8 30. Rxe8 Nxe8 31. Bxf8 Kxf8 32. Nd4 Ke7 33. Kf1 Kd6 34. Ke2 Kc5 35. Nc2 a5 36. Kd3 Nd6 37. Kc3 Nd7 38. f4 b5 39. Ne3 Nb6 40. Bf1 Ne4+ 41. Kd3 Nd6 42. Kc3 Ne4+ 1/2-1/2

[Event "West Wales Open 2023"]
[Site "?"]
[Date "2023.11.11"]
[Round "3"]
[White "Hare, Roy"]
[Black "Thomas, Roy"]
[Result "0-1"]
[WhiteElo "1651"]
[BlackElo "1633"]
[PlyCount "94"]
[EventDate "2023.??.??"]
[SourceVersionDate "2024.01.31"]

1. e4 c5 2. Nf3 Nc6 3. c3 Nf6 4. d3 g6 5. Be2 Bg7 6. Nbd2 O-O 7. Nf1 d5 8. e5 Nd7 9. d4 cxd4 10. cxd4 Qb6 11. Ne3 e6 12. O-O f6 13. Ng4 fxe5 14. dxe5 Ndxe5 15. Ngxe5 Nxe5 16. Rb1 Nxf3+ 17. Bxf3 Bd7 18. Re1 Rae8 19. b3 d4 20. Be4 Bc6 21. Bxc6 Qxc6 22. Ba3 Rf7 23. Rc1 Qa6 24. Bb2 Rd7 25. a3 Qd6 26. Qg4 e5 27. h4 Qe6 28. Qg3 e4 29. h5 Qf5 30. hxg6 hxg6 31. b4 d3 32. Rc5 Rd5 33. Rxd5 Qxd5 34. Qxg6 Qf7 35. Qxf7+ Kxf7 36. Bxg7 Kxg7 37. Rd1 Rd8 38. Kf1 Kf6 39. Ke1 Ke5 40. Kd2 Kd4 41. Rc1 Rf8 42. Rf1 Rxf2+ 43. Rxf2 e3+ 44. Ke1 exf2+ 45. Kxf2 Kc3 46. Ke1 Kc2 47. g4 d2+ 0-1